000 01234nam a2200301 c 4500
003 BLK
005 20240303003955.0
008 180409b bul|||||r ||||||| ||bul||
010 _aKNG00140891000
040 _aBLK
041 _aBUL
_cBUL
080 _aБългарска литература
_b821.163.2
_x-1
_z821.163.2-1
100 _aГанчев, Марко
_gПисател и поет, сатирик, преводач от немски и белоруски
_d1932-
_qМаринов, Марко Ганчев
_eпърви автор
_9267403
700 1 _aМаринов, Марко Ганчев
_9373605
139 _aГанчев, Марко
_bГ 22
245 1 0 _aВетерани на нищото
_bДокум. поеми
_cМарко Ганчев; Марко Ганчев Маринов.
257 _aBGR
260 Варна
_bГеорги Бакалов
_c1985
300 _a52 с.
_c21 см
380 _aX
500 _a2 107 тир.
852 _aЦб 135694
856 4 _qpdf
_u
856 4 _qpdf
_u
942 _cKNG
_n0
944 _aCR
_c15.03.2013
_lCRON CRON
_k
944 _aED
_c15.03.2013
_l15.03.2013 - от С1,Р / 15.03.2013
_k
999 _c134970
_d134970